| 000 | 00994nam a2200289Ia 4500 | ||
|---|---|---|---|
| 001 | u22461 | ||
| 003 | SIRSI | ||
| 005 | 20180219123730.0 | ||
| 007 | he|amb|||bacu | ||
| 008 | 010301s1983 ua a bb 0000 0 eng d | ||
| 039 | 9 |
_a200301181408 _bsaid _y200203190954 _zload |
|
| 040 | _aEAL | ||
| 090 |
_aThesis _bS-2655 |
||
| 100 | 1 | _aAhmed, Hossam Abd El-Monaim. | |
| 245 | 1 | 4 |
_aThe influence of ground water depth and salinity on some properties of irrigated soils _h[microform] / _cby Hossam Abd El-Monaim Ahmed. |
| 260 | _c1983. | ||
| 300 |
_a55, 2 leaves : _bill. ; _c30 cm. |
||
| 502 | _aThesis (M.S.)--Al-Azhar University, 1983. | ||
| 504 | _aIncludes bibliographical references (leaves 47-55). | ||
| 533 |
_aMicrofiche. _bASUNET, _cAin Shams University, _e2 microfiches : negative. |
||
| 546 | _aSummary in Arabic. | ||
| 596 | _a1 | ||
| 650 | 0 | _aSoils, Salts in. | |
| 650 | 0 | _aGroundwater. | |
| 650 | 0 | _aSoil properties. | |
| 942 |
_cMIC _2lcc |
||
| 999 |
_c2954 _d2954 |
||